00526nam a2200193 a 4500001001300000003000900013005001700022008004100039020002300080082002000103100001500123245002400138260004400162300000900206500003500215505004300250650002400293700001500317nice12345678IN_TiNIC20260116014549.0050524s2002 lona grp 000 0 eng  a0190420 c75000a720.954025bKOC aKoch, Ebba aMughal Architecture aLondan bOxford University Press c2002 a160p aincludes index and biblioraphy2 aGlossary, Selected Bibliography, Index aArchitecture-Mughal1 aKoch, Ebba